100 Mio Marktwert - Statistiken

Allgemein
  • Dieses Quiz wurde 83 mal gespielt
  • Das Durchschnittsergebnis liegt bei 12 aus 20
Antwortstatistiken
Marktwert Fußballer % Korrekt
200 Mio € Kylian Mbappe
99%
200 Mio € Erling Haaland
92%
200 Mio € Lamine Yamal
92%
120 Mio € Jamal Musiala
91%
150 Mio € Vinicius junior
88%
110 Mio € Florian Wirtz
86%
140 Mio € Jude Bellingham
84%
140 Mio € Michael Olise
84%
150 Mio € Pedri
77%
120 Mio € Bukayo Saka
65%
100 Mio € Ousmane Dembele
65%
120 Mio € Federico Valverde
55%
120 Mio € Declan Rice
49%
100 Mio € Alexander Isak
45%
110 Mio € Vitinha
42%
110 Mio € Cole Palmer
36%
110 Mio € Joao Neves
31%
110 Mio € Moises Caicedo
23%
100 Mio € Fermin Lopez
20%
100 Mio € Dominik Szoboszlai
18%
Keine übereinstimmenden Quizze gefunden
Verteilung der Resultate
Anzahl Personen mit jedem Resultat
Perzentil nach korrekt beantworteten Fragen
Ihre Resultats-Entwicklung
Sie haben dieses Quiz noch nicht gespielt